|
|
|
|
| LEADER |
00000nam0a2200000 4500 |
| 001 |
178811 |
| 005 |
20231101223430.0 |
| 010 |
|
|
|a 9785811410651
|
| 035 |
|
|
|a (RuTPU)RU\TPU\book\193826
|
| 090 |
|
|
|a 178811
|
| 100 |
|
|
|a 20100409d2010 m y0rusy50 ca
|
| 101 |
0 |
|
|a rus
|
| 102 |
|
|
|a RU
|
| 105 |
|
|
|a a j 001zy
|
| 200 |
1 |
|
|a Основы теории прочности сварных конструкций
|e учебное пособие
|f Л. А. Копельман
|
| 205 |
|
|
|a 2-е изд., испр.
|
| 210 |
|
|
|a СПб.
|c Лань
|d 2010
|
| 215 |
|
|
|a 458 с.
|c ил.
|
| 225 |
1 |
|
|a Учебники для вузов. Специальная литература
|
| 320 |
|
|
|a Библиогр.: с. 451.
|
| 330 |
|
|
|a Оригинальный курс лекций «Теория прочности сварных конструкций», который автор читает студентам ЛПИ — СПбГПУ в течение последних 40 лет, содержит теоретические основы расчетных методов, используемых при оценках прочности сварных конструкций при статических и циклических нагрузках. Учитывается влияние на прочность конструктивно-технологических факторов сварки, особое внимание уделяется методам, направленным на исключение катастрофических разрушений сварных конструкций при «низком уровне напряжений», т. е. при уровне напряжений, существенно ниже допускаемых по стандартным нормам расчетов на прочность этих конструкций. Издание представляет интерес для инженеров и специалистов, работающих в области проектирования, изготовления, контроля качества и анализа причин аварий крупных сварных конструкций судостроения, машиностроения, энергетического машиностроения и строительства. Предназначено для использования в качестве учебного пособия для студентов высших учебных заведений, обучающихся по направлению 150300 «Прикладная механика» с целью подготовки дипломированных специалистов и магистров. Также является учебным пособием по направлениям 150100 и 505050 «Металлургия» специальности 150107 «Металлургия сварочного производства» (при подготовке специалистов) и специальности 505511 «Теоретические основы сварки» (при подготовке магистров) по дисциплине СД.1.3 «Теория прочности сварных и паяных конструкций».
|
| 606 |
1 |
|
|a Сварные конструкции
|x Прочность
|2 stltpush
|3 (RuTPU)RU\TPU\subj\53968
|9 72132
|
| 610 |
1 |
|
|a особенности
|
| 610 |
1 |
|
|a разрушение
|
| 610 |
1 |
|
|a аварии
|
| 610 |
1 |
|
|a напряжения
|
| 610 |
1 |
|
|a деформации
|
| 610 |
1 |
|
|a физические уравнения
|
| 610 |
1 |
|
|a концентрация
|
| 610 |
1 |
|
|a пластическая деформация
|
| 610 |
1 |
|
|a металлы
|
| 610 |
1 |
|
|a сопротивление
|
| 610 |
1 |
|
|a устойчивость
|
| 610 |
1 |
|
|a вязкое разрушение
|
| 610 |
1 |
|
|a хрупкое разрушение
|
| 610 |
1 |
|
|a классические диаграммы
|
| 610 |
1 |
|
|a усталость
|
| 610 |
1 |
|
|a расчет
|
| 610 |
1 |
|
|a учебные пособия
|
| 675 |
|
|
|a 624.078(075.8)
|v 3
|
| 700 |
|
1 |
|a Копельман
|b Л. А.
|g Лембит Александрович
|
| 801 |
|
1 |
|a RU
|b 63413507
|c 20100409
|
| 801 |
|
2 |
|a RU
|b 63413507
|c 20150706
|g RCR
|
| 942 |
|
|
|c BK
|
| 959 |
|
|
|a 23/20100408
|d 5
|e 0
|f АНЛ:1
|f ЧЗТЛ:1
|f УФ:3
|
| 959 |
|
|
|a 48/20100812
|d 5
|e 700,04
|f АНЛ:1
|f ЧЗТЛ:1
|f УФ:3
|
| 959 |
|
|
|a 29/20110303
|d 5
|e 700,04
|f АНЛ:1
|f ЧЗТЛ:1
|f УФ:3
|